Out of my skin / (Record no. 15057)

MARC details
000 -LEADER
fixed length control field 01375cam a2200373 a 4500
001 - CONTROL NUMBER
control field 15348723
003 - CONTROL NUMBER IDENTIFIER
control field EG-ScBUE
005 - DATE AND TIME OF LATEST TRANSACTION
control field 20210130110558.0
008 - FIXED-LENGTH DATA ELEMENTS--GENERAL INFORMATION
fixed length control field 080630s2009 nyua f 000 1 eng d
020 ## - INTERNATIONAL STANDARD BOOK NUMBER
International Standard Book Number 0374299099 (pbk. : alk. paper)
020 ## - INTERNATIONAL STANDARD BOOK NUMBER
International Standard Book Number 9780374299095(pbk. : alk. paper)
035 ## - SYSTEM CONTROL NUMBER
System control number (OCoLC)233030383
035 ## - SYSTEM CONTROL NUMBER
System control number (OCoLC)ocn233030383
040 ## - CATALOGING SOURCE
Original cataloging agency DLC
Language of cataloging eng
Description conventions rda
Transcribing agency DLC
Modifying agency BAKER
-- YDXCP
-- C#P
-- BWX
-- CDX
-- DLC
-- EG-ScBUE
043 ## - GEOGRAPHIC AREA CODE
Geographic area code n-us-ca
082 04 - DEWEY DECIMAL CLASSIFICATION NUMBER
Classification number 813.6
Item number HAS
Edition number 22
100 1# - MAIN ENTRY--PERSONAL NAME
Personal name Haskell, John,
Dates associated with a name 1958-
Relator term author.
9 (RLIN) 22821
245 10 - TITLE STATEMENT
Title Out of my skin /
Statement of responsibility, etc John Haskell.
246 34 - VARYING FORM OF TITLE
Title proper/short title Out of my skin ;
Remainder of title a novel
250 ## - EDITION STATEMENT
Edition statement First edition.
264 #1 - PUBLICATION, DISTRIBUTION, ETC. (IMPRINT)
Place of publication, distribution, etc New York :
Name of publisher, distributor, etc Farrar, Straus and Giroux,
Date of publication, distribution, etc 2009.
300 ## - PHYSICAL DESCRIPTION
Extent 211 pages :
Other physical details illustrations ;
Dimensions 19 cm
336 ## - CONTENT TYPE
Source rdacontent
Content type term text
Content type code txt
337 ## - MEDIA TYPE
Source rdamedia
Media type term unmediated
Media type code n
338 ## - CARRIER TYPE
Source rdacarrier
Carrier type term volume
Carrier type code nc
650 #7 - SUBJECT ADDED ENTRY--TOPICAL TERM
Topical term or geographic name as entry element Lookalikes
Form subdivision Fiction.
Source of heading or term BUEsh
9 (RLIN) 22822
650 #7 - SUBJECT ADDED ENTRY--TOPICAL TERM
Topical term or geographic name as entry element Celebrities
Form subdivision Fiction.
Source of heading or term BUEsh
9 (RLIN) 22823
650 #7 - SUBJECT ADDED ENTRY--TOPICAL TERM
Topical term or geographic name as entry element Identity (Psychology)
Form subdivision Fiction.
Source of heading or term BUEsh
9 (RLIN) 22824
651 #7 - SUBJECT ADDED ENTRY--GEOGRAPHIC NAME
Geographic name Los Angeles (Calif.)
Form subdivision Fiction.
Source of heading or term BUEsh
9 (RLIN) 22825
653 ## - INDEX TERM--UNCONTROLLED
Arrived date list April2011
Resource For college Humanities: English
655 #0 - INDEX TERM--GENRE/FORM
Genre/form data or focus term Psychological fiction.
Form subdivision Reading book
942 ## - ADDED ENTRY ELEMENTS (KOHA)
Source of classification or shelving scheme Dewey Decimal Classification
Koha item type Book - Borrowing
Holdings
Withdrawn status Lost status Source of classification or shelving scheme Damaged status Not for loan Collection code Home library Current library Shelving location Date acquired Source of acquisition Cost, normal purchase price Total Checkouts Total Renewals Full call number Barcode Date last seen Date checked out Cost, replacement price Price effective from Koha item type
    Dewey Decimal Classification     AUC Central Library Central Library Second Floor 04/04/2011   20.50 12 20 813.6 HAS 000023115 15/07/2025 28/02/2022 85.00 04/04/2011 Book - Borrowing